000 00315nam a2200133Ia 4500
008 220216s9999 xx 000 0 und d
100 _aJacob G
245 0 _aCo-operative marketing in rubber
260 _bRubber Board Bulletin
_c1985
300 _a22-27
650 _aMarketing
650 _aRubber
942 _cJS
999 _c56364
_d56364